CEMP Properties Ltd v Dentsply Research and Development Corp... (No 2) (Record no. 20178)

MARC details
000 -LEADER
fixed length control field 01652cab a2200253 4500
001 - CONTROL NUMBER
control field ABS41411
008 - FIXED-LENGTH DATA ELEMENTS--GENERAL INFORMATION
fixed length control field 090401t1989 xxu||||| |||| 00| 0 eng d
035 ## - SYSTEM CONTROL NUMBER
System control number (Sirsi) u29982
041 ## - LANGUAGE CODE
Language code of text/sound track or separate title eng
245 ## - TITLE STATEMENT
Title CEMP Properties Ltd v Dentsply Research and Development Corp... (No 2)
260 ## - PUBLICATION, DISTRIBUTION, ETC.
Date of publication, distribution, etc. 1989
350 ## - PRICE (NR) (BK AM CF MU VM SE) [OBSOLETE]
Price 0
490 ## - SERIES STATEMENT
Series statement Estates Gazette
Volume/sequential designation (1989) 36 EG 90-100; 37 EG 126-133(10)
520 ## - SUMMARY, ETC.
Summary, etc. ChD 24 February 1989. The second stage of proceedings brought by a purchaser (C) against a vendor (D). Litigation arose out of statements made before a contract, for the sale of premises in Soho . In the first stage of the proceedings, C`s claim for misrepresentation was upheld. In the second stage, the point at issue was quantification of damages . The misrepresentation related to failure to disclose deeds which revealed rights to light and air, enjoyed by the property adjoining C`s. C had started re development work these rights were revealed; consequently the schemes had to be partially redesigned and completion was delayed. Three alternative bases of claim were put forward: 1) £514,984 on the developer`s loss basis ; 2) £750,000 onjthe market value basis or 3)£854,471 on the hybrid basis. The judge emphasised the difficulty in making residual valuation s of prospective developments, because so much is based on assumption. In the end damages were assessed on the additional constru
650 ## - SUBJECT ADDED ENTRY--TOPICAL TERM
Topical term or geographic name entry element NEGLIGENCE
650 ## - SUBJECT ADDED ENTRY--TOPICAL TERM
Topical term or geographic name entry element PROPERTY
650 ## - SUBJECT ADDED ENTRY--TOPICAL TERM
Topical term or geographic name entry element RIGHT TO AIR
650 ## - SUBJECT ADDED ENTRY--TOPICAL TERM
Topical term or geographic name entry element RIGHT TO LIGHT
650 ## - SUBJECT ADDED ENTRY--TOPICAL TERM
Topical term or geographic name entry element Valuation
9 (RLIN) 6273
650 ## - SUBJECT ADDED ENTRY--TOPICAL TERM
Topical term or geographic name entry element VENDOR AND PURCHASER
690 ## - LOCAL SUBJECT ADDED ENTRY--TOPICAL TERM (OCLC, RLIN)
Topical term or geographic name as entry element LAND-CASE LAW
942 ## - ADDED ENTRY ELEMENTS (KOHA)
Suppress in OPAC 0
948 ## - LOCAL PROCESSING INFORMATION (OCLC); SERIES PART DESIGNATOR (RLIN)
c (OCLC) 04/03/1997
Holdings
Withdrawn status Lost status Source of classification or shelving scheme Damaged status Not for loan Home library Current library Shelving location Date acquired Total Checkouts Full call number Barcode Date last seen Copy number Price effective from Koha item type
    Dewey Decimal Classification     London London Journal article 14/09/1999   ABS41411 29982-1001 06/08/2019 1 06/08/2019 Law report